| 000 | 00706nam a2200205 a 4500 | ||
|---|---|---|---|
| 005 | 20151123080145.0 | ||
| 008 | 140221b1991 ck ||||| |||| 00| 0 spa d | ||
| 040 |
_aCO-BoIAVH _cCO-BoIAVH |
||
| 041 | _aspa | ||
| 044 | _ack | ||
| 090 |
_aLB _b05662 |
||
| 110 | 1 | _bInstituto Nacional de los Recursos Naturales Renovables y del Ambiente | |
| 245 | 1 | 0 | _aContribución al estudio de la tortuga marina canal (Dermochelys coriacea) con énfasis en predación no humana sobre nidadas y neonatos en Acandi golfo de Urabá |
| 260 |
_aBogotá _bINDERENA _c1991? |
||
| 300 | _a23 p. | ||
| 650 | 1 | 4 | _aTortugas marinas |
| 650 | 1 | 4 | _aPredación |
| 650 | 1 | 4 | _aAnidación |
| 942 |
_cINFORME _2z |
||
| 999 |
_c740 _d740 |
||